书目信息 |
| 题名: |
青少年性心理与性犯罪
|
|
| 作者: | 王小转 编著 | |
| 分册: | ||
| 出版信息: | 北京 工人出版社 1989 |
|
| 页数: | 310页 | |
| 开本: | 19cm | |
| 丛书名: | ||
| 单 册: | ||
| 中图分类: | D917 , C913.5 , B84 | |
| 科图分类: | ||
| 主题词: | 青少年犯罪--性--研究 , 性--青少年犯罪--研究 , 心理学 | |
| 电子资源: | ||
| ISBN: | 7-5008-0359-1 | |
| 000 | 00692nam0 2200253 450 | |
| 001 | 1559942315 | |
| 005 | 20150131163924.87 | |
| 010 | @a7-5008-0359-1@dCNY3.30 | |
| 100 | @a20011201d1989 em y0chiy0110 ea | |
| 101 | 0 | @achi |
| 102 | @aCN@b110000 | |
| 105 | @ak z 000yy | |
| 200 | 1 | @a青少年性心理与性犯罪@9qing shao nian xing xin li yu xing fan zui@f王小转等著 |
| 210 | @a北京@c工人出版社@d1989 | |
| 215 | @a310页@d19cm | |
| 606 | 0 | @a青少年犯罪@x性@x研究 |
| 606 | 0 | @a性@x青少年犯罪@x研究 |
| 606 | 0 | @a心理学 |
| 690 | @aD917@v5 | |
| 690 | @aC913.5@v5 | |
| 690 | @aB84@v4 | |
| 701 | 0 | @a王小转@9wang xiao zhuan@4编著 |
| 801 | 0 | @aCN@bTSSF@c20150131 |
| 905 | @aZUCC@dB84@eJY224 | |
| 青少年性心理与性犯罪/王小转等著.-北京:工人出版社,1989 |
| 310页;19cm |
| ISBN 7-5008-0359-1:CNY3.30 |
| ● |
| 相关链接 |
|
|
|
|
正题名:青少年性心理与性犯罪
索取号:B84/JY224
 
预约/预借
| 序号 | 登录号 | 条形码 | 馆藏地/架位号 | 状态 | 备注 |
| 1 | 7857193 | 278571939 | 学院路分馆/ [索取号:B84/JY224] | 在馆 |